| 000 | 00656nam a2200169 a 4500 | ||
|---|---|---|---|
| 001 | 000041051 | ||
| 005 | 20201002034600.0 | ||
| 008 | 130916p1995 pr a 000 0 spa d | ||
| 020 | _a9780847702404 | ||
| 040 |
_aDO-SdBNP _bspa _cBNPHU |
||
| 082 |
_axxxx _bxxxx |
||
| 245 | 0 | 3 |
_aEl rostro y la máscara : _bantología alterna de cuentistas puertorriqueños contemporáneos / _cprólogo José Angel Rosado. |
| 260 |
_aSan Juan, Puerto Rico, : _bIsla negra _bUniversidad de Puerto Rico, _c1995. |
||
| 300 |
_axxviii, 203 p. : _bil. ; _c20 cm. |
||
| 504 | _aIncluye notas y referencias bibliográficas al pie de las páginas | ||
| 504 | _aBibliografías : p. 26-28 | ||
| 999 |
_c40541 _d40541 |
||